000 00578nam a2200193 a 4500
001 11516
003 CO-ViMGA
008 141112s2004 ck r 000 u spa d
040 _aCO-ViMGA
_bspa
_cCO-ViMGA
082 0 4 _a808.800079 G17s
100 1 _aGarcía Marquez, Gabriel
_916009
245 1 0 _aLa soledad de América latina :
_bBrindis por la poesia
250 _a1
260 _aCali,
_cUniversidad del Valle,
_c1983
300 _a78 p.
650 1 4 _aGARCIA MARQUEZ, GABRIEL 1928 - HOMENAJE
_916010
650 1 4 _aPREMIOS NOBEL DE LITERATURA - 1982
_916011
942 _2ddc
_cBK
999 _c22711
_d22711